|
|
|
|
| LEADER |
00000nam0a2200000 4500 |
| 001 |
675365 |
| 005 |
20241010145035.0 |
| 090 |
|
|
|a 675365
|
| 100 |
|
|
|a 20241010d1979 k||y0rusy50 ca
|
| 101 |
|
|
|a rus
|
| 102 |
|
|
|a UA
|
| 105 |
|
|
|a a z 001yy
|
| 181 |
|
0 |
|a i
|b e
|
| 182 |
|
0 |
|a n
|
| 183 |
|
0 |
|a nc
|2 RDAcarrier
|
| 200 |
1 |
|
|a Автономная автоматическая противопожарная защита промышленных сооружений
|e монография
|f В. В. Севриков
|
| 203 |
|
|
|a Текст
|b визуальный
|c непосредственный
|
| 210 |
|
|
|a Киев
|c Вища школа
|d 1979
|
| 215 |
|
|
|a 188 с.
|c ил.
|
| 283 |
|
|
|a volume
|2 RDAcarrier
|
| 320 |
|
|
|a Список литературы: с. 181-186
|
| 606 |
1 |
|
|a Противопожарная защита
|9 71251
|
| 610 |
1 |
|
|a пожары
|
| 610 |
1 |
|
|a горение
|
| 610 |
1 |
|
|a тушение
|
| 610 |
1 |
|
|a автоматическая противопожарная защита
|
| 610 |
1 |
|
|a устройства
|
| 610 |
1 |
|
|a средства
|
| 610 |
1 |
|
|a пламя
|
| 610 |
1 |
|
|a электромагнитное излучение
|
| 610 |
1 |
|
|a тепловой поток
|
| 610 |
1 |
|
|a газогенерирующие заряды
|
| 610 |
1 |
|
|a огнетушащие вещества
|
| 610 |
1 |
|
|a струйное течение
|
| 610 |
1 |
|
|a дисперсные системы
|
| 610 |
1 |
|
|a огневые испытания
|
| 610 |
1 |
|
|a системы локального пожаротушения
|
| 610 |
1 |
|
|a промышленные образцы
|
| 610 |
1 |
|
|a монографии
|
| 675 |
|
|
|a 614.841.4
|v 4
|
| 700 |
|
1 |
|a Севриков
|b В. В.
|g Владимир Васильевич
|
| 801 |
|
0 |
|a RU
|b 63413507
|c 20241010
|
| 830 |
|
|
|a Ретро2024Каталогизация Шило
|
| 850 |
|
|
|a 63413507
|
| 942 |
|
|
|c BK
|